000 00539nam a2200217Ia 4500
005 20241216010035.0
008 180423s9999||||xx |||||||||||||| ||und||
082 _a343.032
_bR92
100 _aRUEDA SANCHEZ, GREGORIO
245 0 _aNUEVA LEGISLACION LABORAL
250 _a0
260 _aLIMA-PERU
_bED. JURIDICAS "RUEDA"
_c1977
300 _a188 pag.
_c21 cm
341 _h0
490 _v0
_a0
505 _aLEGISLACION-LABORAL
541 _aC
_d17-Dec-93
650 _aCIENCIAS SOCIALES
856 _zHumanidades
942 _cLIBRO
999 _c3929
_d3929